LEADER 00920nam a2200241 4500 001 000000335098 003 CaOOAMICUS 005 20190717161805.0 008 190717s1984 it a 000 u ita r 040 $aSeMil$bita 245 10$aVol. 2. 264 1$aRoma ; Bari :$bLaterza,$c1984. 300 $aP. 412-767, [40] c. di tav. :$bill. ;$c21 cm 490 1 $aStoria e società [Laterza] 500 $aIn custodia 773 0 $tStoria del Cristianesimo.$dRoma ; Bari : Laterza, 1984.$kStoria e società$z88-420-2424-4$g2$w()335091 830 0$aStoria e società.$0(OLS)http://semarc/title/2818 850 $aSeMil 852 $aSeMil$W1$xVenegono$y1$m3B II 47$j215648$B227115$CSeMilBibl$Z2$F227115 $81 961 $aAntonelli don Mario - Omaggio 996 $6245$aVol. 2$9(OLS)http://semarc/title/13458 996 $6264$aRoma ; Bari :$bLaterza$9(OLS)http://semarc/publisher/30305 LEADER 01489nam a2200277 i 4500 001 000000212442 003 CaOOAMICUS 005 20160301000000.0 008 160301s2012 it u000 u fre u 013 $a191273 020 $a978-2-359680-355 040 $aSeMil$bita 100 1 $aDu Puy-Montbrun, Bernhard.$0(OLS)http://semarc/name/75792 245 13$aLa détermination du secret chez les ministres du culte :$ble secret pastoral en droit canonique et en droit français /$cBernhard du Puy-Montbrun ; préface de Jean Pradel ; postface de Tony Anatrella. 260 $aDijon :$bL'échelle de Jacob,$c2012. 300 $a477 p. ;$c24 cm. 650 4$aDiritto canonico - Commentari, studi, critica e interpretazioni.$0(OLS)http://semarc/subject/1518 650 4$aChiesa cattolica - Clero - Segreto professionale - Francia.$0(OLS)http://semarc/subject/39791 700 1 $aAnatrella, Tony,$d<1941- >.$0(OLS)http://semarc/name/46827 700 1 $aPradel, Jean <1933- >.$0(OLS)http://semarc/name/75793 850 $aSeMil 852 $aSeMil$W1$xVenegono$y1$m2J V 38$j162876$B162876$CSeMilBibl$Z2$F210150 $81 961 $aAcquisto: Casalini 996 $6020$a978-2-359680-355$9(OLS)http://semarc/number/207991 996 $6245$aLa détermination du secret chez les ministres du culte :$ble secret pastoral en droit canonique et en droit français$9(OLS)http://semarc/title/306718 996 $6260$aDijon :$bL'échelle de Jacob$9(OLS)http://semarc/publisher/52246